Como enseñar las ciencias al escolar /
Guardado en:
| Autor Principal: | |
|---|---|
| Formato: | Libro |
| Publicado: |
Buenos Aires :
Paid¢s,
1964
|
| Series: | Bibl. del Educador Contemp., 3
|
| Materias: | |
| Etiquetas: |
Agregar Etiqueta
Sin Etiquetas, Sea el primero en etiquetar este registro!
|
| LEADER | 00629nam a22002055a 4500 | ||
|---|---|---|---|
| 001 | CEM.cems005973 | ||
| 005 | 20060214000000.0 | ||
| 008 | 130507s1964##################000#0#####d | ||
| 003 | CEMS | ||
| 082 | 0 | 4 | |a 372.3 |
| 100 | 1 | |a Sheckles, Mary | |
| 245 | 1 | 0 | |a Como enseñar las ciencias al escolar / |
| 260 | |a Buenos Aires : |b Paid¢s, |c 1964 | ||
| 300 | |a 182 p. | ||
| 490 | 0 | |a Bibl. del Educador Contemp., 3 | |
| 653 | |a Didactica de las ciencias | ||
| 653 | |a Educacion | ||
| 653 | |a Educacion primaria | ||
| 859 | |a CEMS |b BIB. CEMS - 11 de abril |h 372.3 |i Sh32 |p 2486.74 |t Ej.1 | ||
| 859 | |a CEMS |b BIB. CEMS - 11 de abril |h 372.3 |i Sh32 |p 2487.74 |t Ej.2 | ||
